| 000 | 01238nam a2200325 a 4500 | ||
|---|---|---|---|
| 001 | 000113093 | ||
| 003 | CHAP | ||
| 005 | 20220329144338.0 | ||
| 008 | 170420s2016 mx sm |||||||spa d | ||
| 010 | _a109554 | ||
| 011 | _a110526 | ||
| 040 | _cCHAP | ||
| 090 | _aTesis | ||
| 100 | 1 |
_aGuerrero Guzmán, Abigail _9126690 |
|
| 245 | 1 | 0 |
_aAporte nutricional de agua residual tratada en maíz forrajero (Zea mays) _h[En línea] _cpor Abigail Guerrero Guzmán. |
| 260 |
_aDurango, Méx. : _bEl autor, _c2016. |
||
| 500 | _aPara ver el contenido del material haga clic en la liga | ||
| 502 | _aTesis (M.C. en Recursos Naturales y Medio Ambiente en Zonas Áridas) -- UACH. Unidad Regional Universitaria de Zonas Áridas | ||
| 590 |
_aBATCH-UPD _b05 _c20170420 _lUCH01 _h0945 |
||
| 590 |
_aE5765TAJ _b05 _c20170420 _lUCH01 _h0944 |
||
| 590 |
_aE5765TAJ _b05 _c20170420 _lUCH01 _h0945 |
||
| 650 | 1 | 4 |
_aAguas residuales como fertilizante. _92590 |
| 650 | 1 | 4 |
_aAguas residuales para irrigación. _92591 |
| 650 | 1 | 4 |
_aAguas residuales _xNutrientes. _9131947 |
| 650 | 1 | 4 |
_aMaíz como forraje _xIrrigación. _9131950 |
| 856 |
_aFinding aid _uhttp://10.13.5.2/tesis/sist113093.pdf _zTeclea aquí |
||
| 901 | _aBK | ||
| 942 | _cTESIS | ||
| 942 | _n0 | ||
| 999 |
_c109554 _d109554 |
||